[Event "38th ch-BAN 2012"]
[Site "Dhaka BAN"]
[Date "2012.11.21"]
[Round "13.7"]
[White "Minhazuddin,A"]
[Black "Bhuiyan,G"]
[Result "1-0"]
[WhiteElo "2408"]
[BlackElo "2211"]

1.e4 c5 2.Nf3 Nc6 3.d4 cxd4 4.Nxd4 Qc7 5.Nc3 e6 6.Be2 a6 7.O-O Nf6 8.Kh1 Bb4
9.Nxc6 bxc6 10.Qd4 Bd6 11.Bg5 Be5 12.Qe3 h6 13.Bh4 Bf4 14.Qd4 Be5 15.Qe3 Bf4
16.Bg3 Bxg3 17.hxg3 d5 18.Qc5 Nd7 19.Qa3 d4 20.Na4 c5 21.Rac1 O-O 22.c3 Qa7
23.cxd4 cxd4 24.Qd6 Nf6 25.Qf4 e5 26.Qxe5 Re8 27.Qa5 Nxe4 28.Rc7 Qb8 29.Bf3 Ra7
30.Rxa7 Qxa7 31.Bxe4 Bd7 32.Qc5 Qb8 33.Nb6 Bb5 34.Re1 d3 35.Re3 Re5 36.Qxe5 Qxe5
37.Bh7+ Kxh7 38.Rxe5  1-0

[Event "3rd Thanksgiving Open"]
[Site "Saint Louis USA"]
[Date "2012.11.23"]
[Round "1.7"]
[White "Hua,Margaret"]
[Black "Priyadharshan,K"]
[Result "0-1"]
[WhiteElo "1957"]
[BlackElo "2408"]

1.e4 c5 2.Nf3 Nc6 3.d4 cxd4 4.Nxd4 Qb6 5.Nb3 Nf6 6.Nc3 e6 7.Be3 Qc7 8.a3 a6
9.Be2 d6 10.f3 b5 11.O-O Bb7 12.Qd2 Be7 13.Rfd1 O-O 14.a4 b4 15.Na2 d5 16.Bf4 e5
17.exd5 Rad8 18.Bg5 Nxd5 19.Bxe7 Ncxe7 20.Bd3 a5 21.Qf2 Nf4 22.Qc5 Qxc5+
23.Nxc5 Bd5 24.Nc1 Nc6 25.N1b3 Nxd3 26.cxd3 f5 27.Rac1 Rf7 28.Nd2 Nd4 29.Re1 Re7
30.Nc4 Bxc4 31.Rxc4 Kf7 32.Kf2 Rd5 33.Rec1 Ra7 34.Re1 Kf6 35.Rec1 g6 36.Re1 Rd8
37.Kg1 Rd6 38.Kf2 Rf7 39.Rec1 h6 40.Rd1 g5 41.h3 h5 42.Re1 Rh7 43.Rh1 Kg6
44.Re1 Kf6 45.Rh1 Rf7 46.Re1 Rb6 47.b3 Rg7 48.g4 Rh7 49.Kg2 Rc6 50.Rh1 Rcc7
51.Rcc1 Ne2 52.Rc4 Nf4+ 53.Kg1 hxg4 54.hxg4 Rxh1+ 55.Kxh1 Rh7+ 56.Kg1 Rh3
57.Nb7 fxg4 58.fxg4 Rxd3 59.Nxa5 Rg3+ 60.Kf1 Rxg4 61.Rxb4 Rh4 62.Nc4 Nd3
63.Rb5 g4 64.Ne3 Nf4 65.a5 g3 66.Kg1 Ne2+ 67.Kg2 Rh2+ 68.Kf3 Rf2+ 69.Ke4 Nc3+
70.Kd3 Nxb5 71.Ng4+ Kf5 72.Nxf2 gxf2 73.Ke2 e4 74.Kxf2 Kf4 75.Ke2 e3 76.Ke1 Kf3
77.Kf1 e2+ 78.Ke1 Ke3 79.a6 Nd4 80.a7 Nf3+  0-1

[Event "48th American Open"]
[Site "Anaheim USA"]
[Date "2012.11.24"]
[Round "6"]
[White "Le Cau,D"]
[Black "Peters,Ja"]
[Result "0-1"]
[WhiteElo "2074"]
[BlackElo "2355"]

1.e4 c5 2.Nf3 Nc6 3.d4 cxd4 4.Nxd4 Qb6 5.Nb3 Nf6 6.Nc3 e6 7.Qe2 d6 8.Bd2 a6
9.O-O-O Qc7 10.g4 h6 11.f4 b5 12.a3 Be7 13.Bg2 Nd7 14.h4 Nb6 15.Kb1 Bd7 16.Nd5 exd5
17.exd5 Na7 18.Ba5 Nac8 19.Rd4 Qa7 20.Re4 Nc4 21.Bc3 O-O 22.g5 Bf5 23.gxh6 Bf6
24.Bxf6 gxf6 25.Nd4 Bxe4 26.Bxe4 Kh8 27.Rg1 Qxd4  0-1

[Event "XXVI Belgrade Trophy 2012"]
[Site "Belgrade SRB"]
[Date "2012.11.24"]
[Round "1.32"]
[White "Nesovanovic,M"]
[Black "Posedaru,B"]
[Result "0-1"]
[WhiteElo "1899"]
[BlackElo "2315"]

1.e4 c5 2.Nf3 Nc6 3.d4 cxd4 4.Nxd4 Qb6 5.Nxc6 bxc6 6.Bd3 e5 7.O-O Nf6 8.Nc3 Be7
9.Rb1 O-O 10.Be3 Qb7 11.Bg5 h6 12.Bxf6 Bxf6 13.Qf3 d6 14.Rfd1 Be6 15.Be2 Be7
16.g4 Rad8 17.b3 d5 18.Na4 Qb4 19.Bd3 Bg5 20.c3 Qe7 21.h3 Bf4 22.Bc2 h5 23.Qg2 hxg4
24.hxg4 Qh4 25.f3 Bc8 26.Kf1 Ba6+ 27.c4 dxc4 28.Nc5 cxb3+ 29.Bd3 bxa2 30.Ra1 Rxd3
31.Nxd3 Rd8 32.Ke2 Rxd3 33.Rxd3 Qd8  0-1

[Event "TCh-SVK Extraliga 2012-13"]
[Site "Slovakia SVK"]
[Date "2012.11.25"]
[Round "4.3"]
[White "Pacher,M"]
[Black "Meszaros,Mi"]
[Result "0-1"]
[WhiteElo "2436"]
[BlackElo "2412"]

1.e4 c5 2.Nf3 Nc6 3.d4 cxd4 4.Nxd4 Qb6 5.Nb3 Nf6 6.Nc3 e6 7.Bd3 Be7 8.O-O a6
9.Qe2 d6 10.Bg5 h6 11.Bh4 g5 12.Bg3 e5 13.Nd5 Nxd5 14.exd5 Nb4 15.Bc4 a5
16.Bb5+ Kf8 17.c4 f6 18.a3 Na6 19.Kh1 Qc7 20.f3 b6 21.Nc1 Nc5 22.Bf2 Bf5
23.Bc6 Ra7 24.b3 Kg7 25.Ra2 Ne6 26.Be3 Rb8 27.Rd2 Nd8 28.Bb5 Bd7 29.Bxd7 Qxd7
30.a4 f5 31.Na2 Bf6 32.Nc3 Nf7 33.Nb5 Raa8 34.Qf2 Qb7 35.Re2 f4 36.Bc1 h5
37.Ba3 Qd7 38.Qe1 Rc8 39.Qb1 g4 40.Nc3 Nh6 41.Ne4 Be7 42.Bb2 Rf8 43.Ref2 Qf5
44.Bc3 Qg6 45.Rb2 Nf5 46.Be1 Rab8 47.Bf2 g3 48.Be1 gxh2 49.Kxh2 h4 50.Rh1 Rh8
51.Kg1 h3 52.Rh2 Kf7 53.Bf2 hxg2 54.Rxg2 Qh7 55.Kf1 Qh3 56.Qd3 Rbg8 57.Bxb6 Nh4  0-1

[Event "Doroshkevicha Mem Open 2012"]
[Site "Sochi RUS"]
[Date "2012.11.28"]
[Round "3"]
[White "Korneev,O"]
[Black "Bryzgalin,K"]
[Result "1/2-1/2"]
[WhiteElo "2602"]
[BlackElo "2485"]

1.e4 c5 2.Nf3 Nc6 3.d4 cxd4 4.Nxd4 Qc7 5.Nc3 e6 6.Be3 a6 7.Qd2 Nf6 8.O-O-O Nxd4
9.Qxd4 d6 10.Qb6 Qxb6 11.Bxb6 Bd7 12.Bc4 Rc8 13.Bb3 Bc6 14.Rhe1 Nd7 15.Bd4 Nc5
16.Bd5 Be7 17.Bxc5 dxc5 18.Bxc6+ Rxc6 19.e5 f5 20.exf6 gxf6 21.g4 h5 22.h3 hxg4
23.hxg4 c4 24.f4 b5 25.f5 b4 26.Ne4 Rh4 27.g5 fxg5 28.f6 Rxe4 29.Rxe4 Bxf6
30.b3 cxb3 31.axb3 Bc3 32.Rd5 e5 33.Rg4 Rg6 34.Kd1 Ke7 35.Ke2 Ke6 36.Rd8 Kf5
37.Kf3 Rf6 38.Rc4 Rf7 39.Rdc8 a5 40.R8c7 Rf8 41.Rc8 Rf7 42.R8c7 Rf8 43.Rc8  1/2-1/2

[Event "Doroshkevicha Mem Open 2012"]
[Site "Sochi RUS"]
[Date "2012.11.30"]
[Round "5"]
[White "Yandarbiev,R"]
[Black "Kudelya,I"]
[Result "1-0"]
[WhiteElo "2356"]
[BlackElo "2118"]

1.e4 c5 2.Nf3 Nc6 3.d4 cxd4 4.Nxd4 Qc7 5.Nc3 e6 6.f4 a6 7.Be3 b5 8.Bd3 Bb7
9.Nb3 Na5 10.Nxa5 Qxa5 11.a3 Nf6 12.O-O Qc7 13.Qe2 Bc5 14.Bxc5 Qxc5+ 15.Kh1 d6
16.Rad1 Nd7 17.Rf3 Rd8 18.Rh3 h6 19.Rg3 g6 20.Re1 Qb6 21.Nd5 Bxd5 22.exd5 e5
23.Qg4 Rg8 24.Qh4 Qf2 25.Rf1 Qd4 26.Qxh6 exf4 27.Qxf4 Qxf4 28.Rxf4 Nb6 29.Rg5 Ke7
30.h4 Rh8 31.Kg1 Rc8 32.Kf2 Rc5 33.Rd4 Kf6 34.g3 Re8 35.Rf4+ Ke7 36.Re4+ Kf8
37.Rxe8+ Kxe8 38.Kf3 Nd7 39.Ke4 Ke7 40.Kd4 Rc8 41.Rg4 Ne5 42.Re4 f5 43.Rf4 Kf6
44.b4 Rc7 45.c3 Re7 46.Bf1 Nd7 47.c4 bxc4 48.Bxc4 Nb6 49.Bxa6 Ra7 50.b5 Rc7
51.Kd3 Rc1 52.Kd2 Ra1 53.Rf3 Ra2+ 54.Kc1 Ke5 55.Kb1 Rg2 56.Bb7 Na4 57.Bc6 Kd4
58.Rf4+ Kc3 59.Rf3+ Kc4 60.Kc1 Re2 61.Kd1 Ra2 62.Ke1 Kc5 63.Be8 Kd4 64.Bxg6 Ke4
65.Rf4+ Ke3 66.Kf1 Nc3 67.Bxf5 Nxd5 68.Ra4 Nc3 69.Rc4 Nxb5 70.Bd7 d5 71.Rf4 Nd4  1-0

[Event "Doroshkevicha Mem Open 2012"]
[Site "Sochi RUS"]
[Date "2012.12.03"]
[Round "8"]
[White "Lugovskoy,M"]
[Black "Bronnikova,E"]
[Result "1-0"]
[WhiteElo "2395"]
[BlackElo "2251"]

1.e4 c5 2.Nf3 Nc6 3.d4 cxd4 4.Nxd4 Qb6 5.Nb3 Nf6 6.Bd3 e6 7.O-O Be7 8.c4 Ne5
9.Bf4 Ng6 10.Be3 Qc7 11.Nc3 a6 12.f4 d6 13.Rc1 Bd7 14.Qe2 Bc6 15.Nd5 exd5
16.cxd5 Qd7 17.dxc6 bxc6 18.Nd4 c5 19.Nf5 O-O 20.Rfd1 Qe6 21.Qf3 Rfe8 22.Bc4 d5
23.Bxd5 Nxd5 24.Rxd5 Bf8 25.Ng3 f5 26.exf5 Qxe3+ 27.Qxe3 Rxe3 28.fxg6 hxg6
29.Kf2 Rae8 30.Rdd1 R3e6 31.Re1 Bd6 32.Rxe6 Rxe6 33.Rc4 Kf8 34.b3 a5 35.h3 Ke7
36.Kf3 Kd7 37.Ne4 Kc6 38.g4 Bf8 39.Rc1 Re8 40.Rd1 a4 41.bxa4 Ra8 42.g5 Be7
43.Nc3 Bd6 44.Nb5 Bf8 45.Nc3 Bd6 46.Re1 Rf8 47.Re4 Kd7 48.Nb5 Be7 49.h4 Ra8
50.Kg4 Rc8 51.h5 gxh5+ 52.Kxh5 c4 53.Rd4+ Ke6 54.Kg6 c3 55.Rd3 c2 56.Nd4+ Kd7
57.Nxc2+ Bd6 58.Ne3 Ke6 59.f5+  1-0

[Event "12th Porec Open"]
[Site "Porec CRO"]
[Date "2012.12.08"]
[Round "5.5"]
[White "Kukurin,Luka"]
[Black "Fercec,N"]
[Result "0-1"]
[WhiteElo "1802"]
[BlackElo "2489"]

1.e4 c5 2.Nf3 Nc6 3.d4 cxd4 4.Nxd4 Qb6 5.Nb3 Nf6 6.Nc3 e6 7.Be3 Qc7 8.Bd3 d6
9.f4 a6 10.Qf3 b5 11.a3 Bb7 12.g4 Nd7 13.Qh3 Nc5 14.Rd1 Na5 15.Nxa5 Qxa5
16.O-O b4 17.Ra1 bxc3 18.b4 Qc7 19.bxc5 d5 20.exd5 Bxd5 21.f5 Bxc5 22.fxe6 Bxe6
23.Rfe1 g6 24.Qh6 Bxe3+ 25.Rxe3 Qb6 26.Re1 O-O-O 27.Qg7 Kb8 28.Qxc3 Rd4 29.h3 Rc8
30.Qd2 h5 31.c3 Rd6 32.Qe2 Ka7 33.Rb1 Qc5 34.Be4 Rb6 35.Rxb6 Qxb6 36.gxh5 f5
37.Kf1 fxe4 38.hxg6 Bc4  0-1

[Event "1st Korbach GM"]
[Site "Korbach GER"]
[Date "2012.12.10"]
[Round "1.4"]
[White "Zwahr,P"]
[Black "Pap,M"]
[Result "1-0"]
[WhiteElo "2303"]
[BlackElo "2521"]

1.e4 c5 2.Nf3 Nc6 3.d4 cxd4 4.Nxd4 Qb6 5.Nb3 Nf6 6.Nc3 e6 7.Qe2 Bb4 8.Bd2 O-O
9.a3 Be7 10.O-O-O d5 11.e5 Nd7 12.f4 a6 13.Qh5 Rd8 14.Bd3 Nf8 15.Rhe1 Qc7
16.Ne2 d4 17.Be4 a5 18.Kb1 a4 19.Nbc1 Qb6 20.Ka1 Na5 21.Nd3 Nc4 22.Bb4 Bxb4
23.Nxb4 Ra5 24.Qh4 Ne3 25.Rd3 Rb5 26.Nc3 Rxb4 27.Rexe3 Rc4 28.Bxh7+ Nxh7
29.Rh3 Kf8 30.Qxh7 dxc3 31.Qh8+ Ke7 32.Qh4+ Ke8 33.Qxd8+ Qxd8 34.Rh8+ Ke7
35.Rhxd8 cxb2+ 36.Kxb2 b5 37.R8d4 Rc7 38.Rc3  1-0

[Event "4th Penang Heritage City Open"]
[Site "Penang MAS"]
[Date "2012.12.12"]
[Round "3.28"]
[White "Chong Chor Yuen"]
[Black "Ooi,Zhi Yang"]
[Result "0-1"]
[WhiteElo "2053"]
[BlackElo "1751"]

1.Nf3 c5 2.e4 Nc6 3.d4 cxd4 4.Nxd4 Qb6 5.Nb3 Nf6 6.Bd3 e6 7.O-O d5 8.Be3 Qc7
9.Nc3 dxe4 10.Nxe4 Nd5 11.Bd2 Be7 12.c3 O-O 13.Bc2 f5 14.Ng5 h6 15.Nf3 Nf6
16.Re1 e5 17.Qe2 Bd6 18.Qc4+ Kh8 19.Nh4 Ne7 20.Qxc7 Bxc7 21.Rad1 e4 22.g3 g5
23.Ng2 Nc6 24.Be3 Ne5 25.Kh1 Nfg4 26.Bc5 Nf3 27.Re2 Rf7 28.Nd4 b6 29.Ba3 Ba6
30.Rdd2 Bxe2 31.Rxe2 Rd8 32.Bb3 Rfd7 33.Ba4 Nxd4 34.cxd4 Rxd4 35.h3 Ne5 36.Bc2 Bd6
37.b4 Nc4 38.Bc1 Bxb4 39.Ne3 Nxe3 40.Bxe3 R4d6 41.g4 f4 42.Bc1 Rd1+ 43.Bxd1 Rxd1+  0-1

[Event "Subotica IM 2012"]
[Site "Subotica SRB"]
[Date "2012.12.14"]
[Round "1.4"]
[White "Stankovic,Milo"]
[Black "Sertic,Ru"]
[Result "1-0"]
[WhiteElo "2359"]
[BlackElo "2374"]

1.e4 c5 2.Nf3 Nc6 3.d4 cxd4 4.Nxd4 Qc7 5.Nc3 e6 6.g3 a6 7.Bg2 Nf6 8.O-O Be7
9.Re1 Nxd4 10.Qxd4 d6 11.a4 O-O 12.h3 Bd7 13.Be3 Bc6 14.Rad1 b5 15.Bg5 Rfd8
16.axb5 axb5 17.Qd3 b4 18.Ne2 e5 19.c3 Qb7 20.cxb4 Qxb4 21.Nc3 Qxb2 22.Re2 Qb7
23.Bxf6 Bxf6 24.Nd5 Bg5 25.h4 Bh6 26.Rc2 Kf8 27.Qc3 Bxd5 28.Rxd5 Qb1+ 29.Kh2 g5
30.Rb2 Qa1 31.hxg5 Bxg5 32.Rdb5 Qd1 33.Bf3 Qa4 34.Bh5 Qxe4 35.Bf3 Rac8 36.Qxc8 Qxf3
37.Qc2 Kg7 38.R2b3 Qg4 39.R3b4 Qe6 40.Rb7 h5 41.Qe2 Kg6 42.Qc2+ Kg7 43.Qe2 Re8
44.Rb8 Bd8 45.Qe3 Qf5 46.Kg2 e4 47.R8b5 d5 48.Rd4 Bg5 49.Qe2 Re5 50.Qd1 h4
51.Rdxd5 h3+ 52.Kh2 Qxf2+ 53.Kxh3 Rxd5 54.Rxd5 Kg6 55.Re5 f6 56.Rxe4 Qf5+
57.Rg4 Kh5 58.Qe2 Qd7 59.Qc4 Qf5 60.Qf7+ Kh6 61.Qf8+ Kg6 62.Qe8+ Kh6 63.Qe4 Qf2
64.Qg2 Qf5 65.Qh1 Kg7 66.Qd1 Kg6 67.Kg2 Qb5 68.Rd4 Qb2+ 69.Kh3 Qf2 70.Rd7 Qf5+
71.Kg2 Qe4+ 72.Kh2 Qe3 73.Qc2+ Kh5 74.Qf5 Qe2+ 75.Kh3  1-0

[Event "1st Korbach GM"]
[Site "Korbach GER"]
[Date "2012.12.15"]
[Round "10.3"]
[White "Poetsch,H"]
[Black "Pap,M"]
[Result "0-1"]
[WhiteElo "2458"]
[BlackElo "2521"]

1.e4 c5 2.Nf3 Nc6 3.d4 cxd4 4.Nxd4 Qb6 5.Nb3 Nf6 6.Nc3 e6 7.Qe2 d6 8.Be3 Qc7
9.g4 h6 10.f4 a6 11.Bg2 b5 12.O-O Bb7 13.g5 hxg5 14.fxg5 Nd7 15.g6 Nf6 16.gxf7+ Qxf7
17.e5 Nxe5 18.Nxb5 Rc8 19.N5d4 Qg6 20.Bf4 Nh5 21.c3 Bd5 22.Nd2 Be7 23.Kh1 Nd3
24.Bxd5 Ndxf4  0-1

[Event "19th Zadar Open A"]
[Site "Zadar CRO"]
[Date "2012.12.17"]
[Round "2.11"]
[White "Paljusaj,E"]
[Black "Kurajica,B"]
[Result "1/2-1/2"]
[WhiteElo "2323"]
[BlackElo "2565"]

1.e4 c5 2.Nf3 Nc6 3.d4 cxd4 4.Nxd4 Qb6 5.Nb3 Nf6 6.Nc3 e6 7.Qe2 Bb4 8.Bd2 O-O
9.a3 Bxc3 10.Bxc3 e5 11.O-O-O Rd8 12.Rd6 Qc7 13.Rxf6 gxf6 14.Qg4+ Kh8 15.Qh4 Qd6
16.f4 Qe7 17.Bb5 Rg8 18.Bxc6 dxc6 19.Bb4 c5 20.Bxc5 Qe6 21.f5 Qc6 22.Rd1 Bxf5
23.exf5 Rxg2 24.Rd6 Rg1+ 25.Bxg1 Qxd6 26.Nd2 Rd8 27.Be3 b5 28.Kb1 Rc8 29.Ne4 Qd1+
30.Ka2 Qd5+ 31.Kb1 Qd1+  1/2-1/2

[Event "Subotica IM 2012"]
[Site "Subotica SRB"]
[Date "2012.12.19"]
[Round "8.4"]
[White "Kumic,F"]
[Black "Djokic,Nen"]
[Result "1-0"]
[WhiteElo "2206"]
[BlackElo "2384"]

1.e4 c5 2.Nf3 Nc6 3.d4 cxd4 4.Nxd4 Qc7 5.Nc3 e6 6.Be3 Nf6 7.Be2 a6 8.O-O Bb4
9.Na4 Be7 10.Nxc6 bxc6 11.Nb6 Rb8 12.Nxc8 Qxc8 13.Bd4 O-O 14.e5 Nd5 15.c4 Nf4
16.Bf3 c5 17.Bc3 Qc7 18.Re1 f6 19.Qd2 Ng6 20.Rad1 Rbd8 21.Ba5 Qb8 22.Bxd8 Rxd8
23.exf6 Bxf6 24.Qe3 Qc7 25.b3 a5 26.g3 Qb6 27.Qe4 Ne7 28.Qb7 Qxb7 29.Bxb7 Nf5
30.Kg2 Nd4 31.Be4 h6 32.Bg6 Rb8 33.Rb1 Kf8 34.Be4 Rb4 35.Re3 Ke7 36.h4 a4
37.f4 axb3 38.axb3 Kd6 39.Kh3 e5 40.f5 Kc7 41.Kg4 Rb6 42.Kh5 Be7 43.g4 Bd8
44.g5 hxg5 45.hxg5 Be7 46.Kg4 Rd6 47.Rh1 Rb6 48.Rh7 Bf8 49.Rh8 Rb8 50.Kh5 Kd6
51.Kg6 Ke7 52.Bd5 Kd6 53.Kf7  1-0

[Event "ITT Cerrado LAB IM 2012"]
[Site "Bogota COL"]
[Date "2012.12.20"]
[Round "7.5"]
[White "Santos Morales,N"]
[Black "Suasnabar,J"]
[Result "1-0"]
[WhiteElo "2017"]
[BlackElo "2077"]

1.e4 c5 2.Nf3 Nc6 3.d4 cxd4 4.Nxd4 Qb6 5.Nb5 a6 6.Be3 Qa5+ 7.N5c3 e6 8.Be2 Nf6
9.O-O Qc7 10.f4 d6 11.a4 b6 12.Na3 Be7 13.Kh1 O-O 14.Nc4 Nd7 15.Qd2 Nc5 16.Rf3 Rb8
17.f5 b5 18.axb5 axb5 19.f6 bxc4 20.fxe7 Qxe7 21.Rg3 Ne5 22.Qd4 f6 23.Bxc4 Nc6
24.Qd1 Rxb2 25.Bh6 Rf7 26.Nd5 Qb7 27.Nxf6+ Kh8 28.Qh5 Rb1+ 29.Bf1 gxf6 30.Bg7+ Kg8
31.Bxf6+ Kf8 32.Qg5 Ke8 33.Qh5 Ne7 34.Rg7 Rxa1 35.Qxf7+ Kd7 36.Qxe7+ Kc6
37.Qxb7+ Bxb7 38.Bxa1  1-0

[Event "Ptuj Open 2012"]
[Site "Ptuj SLO"]
[Date "2012.12.23"]
[Round "2.3"]
[White "Vukmirovic,D"]
[Black "Nikolic,Stank"]
[Result "1-0"]
[WhiteElo "2101"]
[BlackElo "1907"]

1.e4 c5 2.Nf3 Nc6 3.d4 cxd4 4.Nxd4 Qb6 5.Nb3 Nf6 6.Nc3 e6 7.a3 a6 8.g4 d6
9.Bg2 Be7 10.h3 Qc7 11.Be3 b5 12.f4 Bb7 13.O-O Nd7 14.Qf3 O-O 15.Qf2 Rac8
16.Rad1 b4 17.axb4 Nxb4 18.g5 f6 19.gxf6 Bxf6 20.Nd4 Bxd4 21.Bxd4 e5 22.Be3 exf4
23.Bxf4 Ne5 24.Qe2 Rf6 25.Bxe5 Rxf1+ 26.Qxf1 dxe5 27.Qf5 Bc6 28.Rd2 Re8 29.Kh2 Qe7
30.Nd5 Nxd5 31.exd5 Bd7 32.Qe4 Qg5 33.Rf2 g6 34.d6 Bf5 35.Qd5+ Kg7 36.c4 Qe3
37.Rf3 Qe2 38.c5 Qxb2 39.d7 Rd8 40.c6 e4 41.Rxf5 gxf5 42.c7 Qc1 43.Qe5+  1-0

[Event "Pan-Am Intercollegiate 2012"]
[Site "Princeton USA"]
[Date "2012.12.29"]
[Round "4"]
[White "Shvartsman,A"]
[Black "Priyadharshan,K"]
[Result "1-0"]
[WhiteElo "2273"]
[BlackElo "2413"]

1.e4 c5 2.Nf3 Nc6 3.d4 cxd4 4.Nxd4 Qb6 5.Nb3 Nf6 6.Nc3 e6 7.Qe2 Bb4 8.Bd2 O-O
9.a3 Be7 10.e5 Ne8 11.O-O-O f6 12.exf6 Nxf6 13.Bf4 d5 14.Be3 Qd8 15.f4 Na5
16.Nxa5 Qxa5 17.Bd4 Bc5 18.Qb5 Qxb5 19.Bxb5 Bxd4 20.Rxd4 g6 21.Re1 Kf7 22.g3 a6
23.Bf1 Bd7 24.Nb1 Ng4 25.Bh3 Nh6 26.Nd2 Kf6 27.Ne4+ dxe4 28.Rxd7 Rf7 29.Rd6 Nf5
30.Rb6 Rd8 31.Rxe4 Re7 32.c3 Rd6 33.Rxd6 Nxd6 34.Rd4 Rd7 35.Kc2 Ke7 36.Rd2 Rc7
37.Re2 Nf5 38.Re4 h5 39.Bf1 a5 40.Bd3 b6 41.Kd2 Nd6 42.Rd4 Nf5 43.Rc4 Rb7
44.Rc8 Kf6 45.Rc6 Ne7 46.Rd6 Nf5 47.Rc6 Ne7 48.Rd6 Nf5 49.Rd8 Ke7 50.Be4 Rc7
51.Rb8 Rd7+ 52.Ke2 Rd6 53.Rb7+ Kf6 54.Rc7 Ne7 55.Bd3 Nd5 56.Rb7 Ne7 57.Bb5 Nf5
58.Rd7 Rxd7 59.Bxd7 Nd6 60.Kd3 e5 61.fxe5+ Kxe5 62.h4 Ne4 63.Be8 Nxg3 64.Bxg6 Kf6
65.Bxh5 Nxh5 66.Kc4 Nf4 67.Kb5 Nd3 68.Kxb6 a4 69.Kb5 Nxb2 70.c4 Ke6 71.h5 Nd3
72.h6 Kf7 73.Kxa4 Kg6 74.Kb5 Kxh6 75.a4  1-0

[Event "Pan-Am Intercollegiate 2012"]
[Site "Princeton USA"]
[Date "2012.12.29"]
[Round "4"]
[White "Camacho,C"]
[Black "Margvelashvili,G"]
[Result "0-1"]
[WhiteElo "2182"]
[BlackElo "2569"]

1.e4 c5 2.Nf3 Nc6 3.d4 cxd4 4.Nxd4 Qb6 5.Nb3 Nf6 6.Nc3 e6 7.a3 a6 8.Bf4 h5
9.Be2 g6 10.e5 Qc7 11.Qd2 Nxe5 12.O-O-O Be7 13.Rhe1 d6 14.Bg3 h4 15.Bxe5 dxe5
16.Bf3 Rb8 17.Qe3 Nd7 18.Rd3 f5 19.Na4 b5 20.Rc3 Qd8 21.Qa7 bxa4 22.Bc6 O-O
23.Bxd7 Bxd7 24.Rd1 axb3 25.Rxd7 Bg5+ 26.Kb1 Qf6 27.cxb3 Rbd8 28.Rcc7 Rxd7
29.Rxd7 e4 30.Qxa6 Bh6 31.b4 f4 32.Qe2 e3 33.f3 Bg7 34.b5 Qxb2+  0-1

[Event "Australian Open 2013"]
[Site "Cammeray AUS"]
[Date "2013.01.02"]
[Round "1.17"]
[White "Smirnov,Ant"]
[Black "Louie,Ryan"]
[Result "1-0"]
[WhiteElo "2207"]
[BlackElo "1820"]

1.e4 c5 2.Nf3 Nc6 3.d4 cxd4 4.Nxd4 Qb6 5.Nb3 Nf6 6.Bd3 d5 7.Be3 Bg4 8.Qd2 Qc7
9.Nc3 dxe4 10.Nxe4 Nxe4 11.Bxe4 Rd8 12.Qc3 e5 13.f3 Bf5 14.Bxc6+ bxc6 15.O-O Bd6
16.Na5 O-O 17.Nc4 Rfe8 18.Rad1 Be7 19.Rxd8 Bxd8 20.Rd1 Bf6 21.Rd2 e4 22.Bd4 Bxd4+
23.Qxd4 exf3 24.Nd6 Rd8 25.gxf3 Be6 26.c4 Bxc4 27.Qc5 Ba6 28.Qe5 Qb6+ 29.Kh1 Rf8
30.Nf5 f6 31.Qe7 Qb7 32.Nh6+ gxh6 33.Rg2+ Kh8 34.Qxf8+  1-0

[Event "Prague Open A 2013"]
[Site "Prague CZE"]
[Date "2013.01.15"]
[Round "8.4"]
[White "Kanovsky,D"]
[Black "Matsenko,S"]
[Result "0-1"]
[WhiteElo "2412"]
[BlackElo "2460"]

1.e4 c5 2.Nf3 Nc6 3.d4 cxd4 4.Nxd4 Qc7 5.Nc3 e6 6.Be3 a6 7.Qd2 Nf6 8.O-O-O Be7
9.f3 h5 10.Kb1 b5 11.Qf2 Bb7 12.h3 Rc8 13.Bd3 h4 14.Nxc6 Bxc6 15.Rhe1 b4
16.Ne2 d5 17.e5 Nd7 18.f4 g6 19.Nd4 Nc5 20.Nb3 Nxd3 21.cxd3 Bb5 22.Rd2 Qb7
23.Rc1 Rxc1+ 24.Nxc1 O-O 25.Rc2 d4 26.Bxd4 Rd8 27.b3 Qd5 28.Bb6 Rd7 29.d4 Qe4
30.Kb2 Kg7 31.Rd2 Qc6 32.Ba5 Qc3+ 33.Kb1 Bc6 34.Qe2 Rxd4  0-1

[Event "Dvorkovich Mem 2013"]
[Site "Taganrog RUS"]
[Date "2013.01.15"]
[Round "1.13"]
[White "Golubov,Saveliy"]
[Black "Papin,V"]
[Result "0-1"]
[WhiteElo "2227"]
[BlackElo "2568"]

1.e4 c5 2.Nf3 Nc6 3.d4 cxd4 4.Nxd4 Qb6 5.Nb3 Nf6 6.Nc3 e6 7.Qe2 Bb4 8.Bd2 O-O
9.a3 Be7 10.O-O-O d5 11.Be3 Qc7 12.exd5 Nxd5 13.Nxd5 exd5 14.Nd4 Bf6 15.Nxc6 bxc6
16.Bd4 Bxd4 17.Rxd4 Be6 18.Qd2 c5 19.Rh4 c4 20.g3 Rab8 21.Bg2 Rb5 22.a4 Ra5
23.c3 Rb8 24.Qc2 g6 25.Bh3 Bxh3 26.Rxh3 Qc6 27.Rh4 d4 28.Qe4 Qxa4 29.cxd4 Rab5  0-1

[Event "Dvorkovich Mem 2013"]
[Site "Taganrog RUS"]
[Date "2013.01.15"]
[Round "1.15"]
[White "Frolov,Andrey"]
[Black "Dobrov,V"]
[Result "0-1"]
[WhiteElo "2198"]
[BlackElo "2524"]

1.e4 c5 2.Nf3 Nc6 3.d4 cxd4 4.Nxd4 Qb6 5.Nb3 Nf6 6.Be3 Qc7 7.Nc3 e6 8.a3 Be7
9.Be2 O-O 10.f4 d6 11.O-O a6 12.g4 b5 13.g5 Nd7 14.Bd3 g6 15.Qe1 Re8 16.Rf3 Bf8
17.Qh4 Bg7 18.Nd1 f5 19.gxf6 Nxf6 20.Nf2 Bb7 21.Rh3 Qe7 22.c3 Nh5 23.Qg4 Qf7
24.Nd2 Rf8 25.Nf3 Nxf4 26.Ng5 Ne5 27.Nxf7 Nxg4 28.Bxf4 Rxf7 29.Bg3 Ne5 30.Bxe5 Bxe5
31.Ng4 Bg7 32.e5 dxe5 33.Re1 Raf8 34.Nxe5 Bxe5 35.Rxe5 Rf2 36.Rg3 Bd5 37.b4 Rd2  0-1

[Event "Dvorkovich Mem 2013"]
[Site "Taganrog RUS"]
[Date "2013.01.17"]
[Round "3.12"]
[White "Rjabzev,K"]
[Black "Papin,V"]
[Result "0-1"]
[WhiteElo "2273"]
[BlackElo "2568"]

1.e4 c5 2.Nf3 Nc6 3.d4 cxd4 4.Nxd4 Qb6 5.Nb3 Nf6 6.Nc3 e6 7.Qe2 Bb4 8.Bd2 O-O
9.a3 Be7 10.O-O-O d5 11.exd5 Nxd5 12.Nxd5 exd5 13.Bc3 Be6 14.Nd4 Bf6 15.Qd2 Rfc8
16.Nxc6 Bxc3 17.Qxc3 bxc6 18.f4 Rab8 19.b3 c5 20.f5 d4 21.Qf3 Bxb3 22.cxb3 c4
23.b4 d3 24.Kb1 Qa5 25.Ka2 Rxb4 26.Bxd3 Rb3  0-1

[Event "Marianske Lazne GM 2013"]
[Site "Marianske Lazne CZE"]
[Date "2013.01.20"]
[Round "3.2"]
[White "Pisk,P"]
[Black "Matsenko,S"]
[Result "0-1"]
[WhiteElo "2389"]
[BlackElo "2460"]

1.e4 c5 2.Nf3 Nc6 3.d4 cxd4 4.Nxd4 Qc7 5.Nc3 e6 6.Be2 a6 7.O-O Nf6 8.Kh1 Nxd4
9.Qxd4 Bc5 10.Qd3 b5 11.f4 Bb7 12.Bf3 O-O 13.e5 Ne8 14.Bxb7 Qxb7 15.a4 b4
16.Ne4 Be7 17.Ng5 g6 18.c3 d5 19.cxb4 Ng7 20.Nf3 Rfc8 21.Nd4 Qxb4 22.b3 Rc3
23.Qd2 Bc5 24.Nc6 Qxb3 25.Na5 Qc2 26.Ra2 Qd3 27.Rd1 Qxd2 28.Bxd2 Rd3 29.Rb1 Nf5
30.Rc2 Ba3 31.Be1 h5 32.g3 Re3 33.Rc7 Rxe1+ 34.Rxe1 Bb4 35.Rec1 Bxa5 36.Rc8+ Rxc8
37.Rxc8+ Kg7 38.Kg2 d4 39.Kf3 d3 40.Rc1 d2 41.Rb1 Nd4+ 42.Ke3 Nb3 43.Ke2 Nc5  0-1

[Event "Dvorkovich Mem 2013"]
[Site "Taganrog RUS"]
[Date "2013.01.20"]
[Round "6.28"]
[White "Travkina,A"]
[Black "Dordzhieva,D"]
[Result "1/2-1/2"]
[WhiteElo "2196"]
[BlackElo "2040"]

1.e4 c5 2.Nf3 Nc6 3.d4 cxd4 4.Nxd4 Qb6 5.Nb3 Nf6 6.Bd3 e6 7.O-O Be7 8.Nc3 d6
9.Be3 Qc7 10.f4 a6 11.a4 b6 12.Kh1 Bb7 13.Qe2 O-O 14.Rae1 Rfe8 15.Bg1 Nd7
16.Rf3 Bf8 17.Rh3 g6 18.Qf2 Bg7 19.Rf1 f5 20.exf5 gxf5 21.Qh4 Nf8 22.Qf2 Nd7
23.Be2 Re7 24.Bf3 Rf8 25.Rd1 Nc5 26.Qd2 Rd8 27.Nd4 Kh8 28.Qe1 Bf6 29.Rh6 Bxd4
30.Bxc6 Bg7 31.Bxb7 Bxh6 32.Bf3 Bg7 33.Bf2 Bf6 34.Qe3 d5 35.Ne2 Ne4 36.Bxe4 dxe4
37.Rxd8+ Qxd8 38.h3 Qd1+ 39.Kh2 e5 40.Qxb6 Kg7 41.Ng3 Kf7 42.Nxf5 Rd7 43.Nh6+ Kg7
44.Nf5+ Kf7 45.Nh6+ Kg7 46.Nf5+  1/2-1/2

[Event "18th HIT Open A 2013"]
[Site "Nova Gorica SLO"]
[Date "2013.01.25"]
[Round "1.32"]
[White "Krzan,Peter"]
[Black "Bratkovic,Sham"]
[Result "0-1"]
[WhiteElo "1595"]
[BlackElo "1957"]

1.e4 c5 2.Nf3 Nc6 3.d4 cxd4 4.Nxd4 Qc7 5.Nc3 e6 6.Bc4 h6 7.O-O Nf6 8.Re1 Nxd4
9.Qxd4 Bc5 10.Qd3 Ng4 11.Nd1 Qxh2+ 12.Kf1 Qh1+ 13.Ke2 Qxg2 14.Qg3 Qxe4+ 15.Be3 Qxc4+
16.Kd2 Nxe3 17.Nxe3 Qb4+ 18.c3 Qxb2+ 19.Kd3 Qb5+ 20.c4 Qb2 21.Nf5 Qa3+ 22.Kc2 Qxg3
23.fxg3 O-O 24.Nh4 d5 25.Re5 Bd4  0-1

[Event "TCh-CAT Div Hon 2013"]
[Site "Catalonia ESP"]
[Date "2013.01.26"]
[Round "2.4"]
[White "Pham Guerrero,S"]
[Black "Vila Gazquez,X"]
[Result "1-0"]
[WhiteElo "2187"]
[BlackElo "2455"]

1.e4 c5 2.Nf3 Nc6 3.d4 cxd4 4.Nxd4 Qc7 5.Nc3 e6 6.Be3 a6 7.Qd2 Nf6 8.f3 b5
9.g4 b4 10.Na4 Rb8 11.g5 Nh5 12.O-O-O Ne5 13.Kb1 Be7 14.Rg1 Ng6 15.Bh3 Nhf4
16.Bg4 h5 17.gxh6 gxh6 18.Bf5 Bf6 19.Bxg6 Nxg6 20.f4 Bb7 21.e5 Be7 22.f5 Nxe5
23.Bf4 Bg5 24.Bxg5 hxg5 25.Qxg5 Rf8 26.Rge1 Nf3 27.Nxf3 Bxf3 28.fxe6 dxe6
29.Rd3 Rb5 30.Qg7 Bd5 31.b3 Qxh2 32.c4 Be4 33.Rxe4 Qh1+ 34.Kc2 Qxe4 35.cxb5  1-0

[Event "18th HIT Open A 2013"]
[Site "Nova Gorica SLO"]
[Date "2013.01.29"]
[Round "7.19"]
[White "Feltrin,Kris"]
[Black "Bratkovic,Sham"]
[Result "1/2-1/2"]
[WhiteElo "1727"]
[BlackElo "1957"]

1.e4 c5 2.Nf3 Nc6 3.d4 cxd4 4.Nxd4 Qc7 5.Nc3 e6 6.Be3 a6 7.Be2 Nf6 8.O-O Be7
9.f4 d6 10.Kh1 O-O 11.Qe1 Bd7 12.Qg3 Kh8 13.Nf3 Rac8 14.Qh3 b5 15.a3 Ng8
16.Bd3 g6 17.g4 f6 18.Rae1  1/2-1/2

[Event "ch-TUR 2013"]
[Site "Antalya TUR"]
[Date "2013.02.02"]
[Round "1.2"]
[White "Peker,Serdar"]
[Black "Ipatov,Alexander"]
[Result "0-1"]
[WhiteElo "1745"]
[BlackElo "2569"]

1.e4 c5 2.Nf3 Nc6 3.d4 cxd4 4.Nxd4 Qb6 5.Nb3 Nf6 6.Nc3 e6 7.Be3 Qc7 8.Bd3 d6
9.h3 a6 10.a4 b6 11.Nd4 Nb4 12.Nf3 Bb7 13.Qe2 Be7 14.O-O O-O 15.Rfe1 Rfd8
16.Bf4 Rac8 17.e5 Nxd3 18.cxd3 Nd5 19.Nxd5 Bxd5 20.Rec1 Qd7 21.d4 Rxc1+ 22.Bxc1 Bxf3
23.Qxf3 dxe5 24.dxe5 Qd1+ 25.Kh2 Qxf3 26.gxf3 Rd1 27.f4 Bb4 28.b3 Bc3  0-1